|
|
|
|
| LEADER |
00000cam a22000004a 4500 |
| 001 |
musev2_58747 |
| 003 |
MdBmJHUP |
| 005 |
20230905050031.0 |
| 006 |
m o d |
| 007 |
cr||||||||nn|n |
| 008 |
180129s2018 nyu o 00 0 eng d |
| 010 |
|
|
|z 2018004347
|
| 020 |
|
|
|a 9780815654339
|
| 020 |
|
|
|z 9780815635857
|
| 020 |
|
|
|z 9780815635673
|
| 035 |
|
|
|a (OCoLC)1032810231
|
| 040 |
|
|
|a MdBmJHUP
|c MdBmJHUP
|
| 100 |
1 |
|
|a Costello-Sullivan, Kathleen,
|e author.
|
| 245 |
1 |
0 |
|a Trauma and Recovery in the Twenty-First-Century Irish Novel /
|c Kathleen Costello-Sullivan.
|
| 250 |
|
|
|a First edition.
|
| 264 |
|
1 |
|a Syracuse, New York :
|b Syracuse University Press,
|c 2018.
|
| 264 |
|
3 |
|a Baltimore, Md. :
|b Project MUSE,
|c 2018
|
| 264 |
|
4 |
|c ©2018.
|
| 300 |
|
|
|a 1 online resource (200 pages).
|
| 336 |
|
|
|a text
|b txt
|2 rdacontent
|
| 337 |
|
|
|a computer
|b c
|2 rdamedia
|
| 338 |
|
|
|a online resource
|b cr
|2 rdacarrier
|
| 490 |
0 |
|
|a Irish studies
|
| 588 |
|
|
|a Description based on print version record.
|
| 650 |
|
7 |
|a Psychic trauma in literature.
|2 fast
|0 (OCoLC)fst01081229
|
| 650 |
|
7 |
|a English fiction
|x Irish authors.
|2 fast
|0 (OCoLC)fst00910841
|
| 650 |
|
7 |
|a English fiction.
|2 fast
|0 (OCoLC)fst00910817
|
| 650 |
|
7 |
|a Collective memory in literature.
|2 fast
|0 (OCoLC)fst01902844
|
| 650 |
|
7 |
|a LITERARY CRITICISM
|x European
|x English, Irish, Scottish, Welsh.
|2 bisacsh
|
| 650 |
|
6 |
|a Memoire collective dans la litterature.
|
| 650 |
|
6 |
|a Traumatisme psychique dans la litterature.
|
| 650 |
|
6 |
|a Roman anglais
|y 21e siecle
|x Histoire et critique.
|
| 650 |
|
6 |
|a Roman anglais
|x Auteurs irlandais
|x Histoire et critique.
|
| 650 |
|
0 |
|a Collective memory in literature.
|
| 650 |
|
0 |
|a Psychic trauma in literature.
|
| 650 |
|
0 |
|a English fiction
|y 21st century
|x History and criticism.
|
| 650 |
|
0 |
|a English fiction
|x Irish authors
|x History and criticism.
|
| 655 |
|
7 |
|a Criticism, interpretation, etc.
|2 fast
|0 (OCoLC)fst01411635
|
| 655 |
|
7 |
|a Electronic books.
|2 local
|
| 710 |
2 |
|
|a Project Muse.
|e distributor
|
| 830 |
|
0 |
|a Book collections on Project MUSE.
|
| 856 |
4 |
0 |
|z Texto completo
|u https://projectmuse.uam.elogim.com/book/58747/
|
| 945 |
|
|
|a Project MUSE - Custom Collection
|
| 945 |
|
|
|a Project MUSE - 2018 Complete
|
| 945 |
|
|
|a Project MUSE - 2018 Literature
|